| 000 | 00605nam a2200205Ii 4500 | ||
|---|---|---|---|
| 001 | 6785 | ||
| 003 | CO-ViMGA | ||
| 008 | 241108s9999||||xx |||||||||||||| ||und|| | ||
| 040 |
_aCO-ViMGA _bspa _erda _cCO-ViMGA |
||
| 041 | 0 | _aunk | |
| 082 | 0 | 4 | _a863.62-M445a |
| 100 | 1 |
_aAna MarÃa Matute _953471 |
|
| 245 | 1 | 0 | _aAlgunos muchachos y otros cuentos |
| 264 | 1 | _a[Lugar de publicación no identificado] : Salvat, 1971 | |
| 300 | _avolumen | ||
| 336 |
_atext _btxt _2rdacontent |
||
| 337 |
_aunmediated _bn _2rdamedia |
||
| 338 |
_avolume _bnc _2rdacarrier |
||
| 940 | _aidficha_siabuc: 6631. -- ficha_no_siabuc:6785 | ||
| 999 |
_c50112 _d50112 |
||